000 nam a22 7a 4500
999 _c10605
_d10605
008 180219b ||||| |||| 00| 0 eng d
100 _aKumar,R.
_96498
245 _aExcellence in Social Studies-V
260 _aNew Delhi
_bPrachi
_c2013